00543nam a2200181 a 45000010010000000030011000100080041000210350026000620820016000881000022001042450027001262600040001536500029001939420012002229520092002349980020003269990015003460000-8848ELIB.Books110520 1973  a(ELIB.Books)0000-8994 a261.8 bHud aHudson, R. Lorton aTil Divorce Do Us Part bNew York: Thomas Nelson Inc. c1973 aChristianity And Problem 2ddccBK 00102ddc4070aKBTSbKBTSd2011-05-20l0p642633r2022-01-22 00:00:00w2022-01-22yBK cbate2011-05-20 c8848d8848